000 00383nam a2200157Ia 4500
008 221030s9999 xx 000 0 und d
020 _a9814057622
041 _aEnglish
082 _a105.23
_bBro
100 _aG. J. Bronson
245 2 _aA First Book of C++
_cby G. J. Bronson
260 _bBook / Cole Pub
_aLondon
_c2000
300 _a800
650 _aBE Computer
942 _cBK
999 _c6970
_d6970